Progressively Harder European Flags Quiz Stats

 Plays Quiz Updated Sep 17, 2018

Also try: Flags of Food
Challenge
Share
Tweet
Score 0/47 Timer 08:00
0 Plays Today
% Correct
United Kingdom
99.9%
Germany
99.3%
Italy
98.9%
France
98.6%
Switzerland
98.1%
Greece
96.3%
Sweden
95.8%
Ireland
93.9%
Spain
93.3%
Turkey
92.4%
Finland
91.2%
Norway
90.5%
Denmark
88.2%
Portugal
86.6%
Belgium
85%
Poland
83.4%
Czechia
81.4%
Cyprus
79.2%
Croatia
76.4%
Russia
75.3%
Iceland
73.4%
Netherlands
71.4%
Ukraine
70.7%
Romania
69.4%
% Correct
Estonia
68.1%
Austria
66.6%
Macedonia
65.3%
Albania
64%
Vatican City
62.9%
Slovakia
61.9%
Hungary
60.4%
Latvia
58.6%
Slovenia
58%
Belarus
56.3%
Bulgaria
54.4%
Malta
53%
Serbia
51.5%
Bosnia and Herzegovina
50.2%
Lithuania
48.4%
Kosovo
47%
Luxembourg
45.7%
San Marino
44.7%
Andorra
43.2%
Monaco
41.7%
Montenegro
39.9%
Moldova
38.1%
Liechtenstein
37.1%

You're not logged in!

Compare scores with friends on all Sporcle quizzes.
OR
Log In

You Might Also Like...

Show Comments

Extras

Top Quizzes Today


Score Distribution

Your Account Isn't Verified!

In order to create a playlist on Sporcle, you need to verify the email address you used during registration. Go to your Sporcle Settings to finish the process.

Report this User

Report this user for behavior that violates our Community Guidelines.

Details: